Animal physiology : (Record no. 3708)
[ view plain ]
| 000 -LEADER | |
|---|---|
| fixed length control field | 00557pam a2200181 a 4500 |
| 008 - FIXED-LENGTH DATA ELEMENTS--GENERAL INFORMATION | |
| fixed length control field | 821005s1983 caua b 001 0 eng |
| 020 ## - INTERNATIONAL STANDARD BOOK NUMBER | |
| ISBN | 071671423X (cloth only) |
| 100 1# - MAIN ENTRY--AUTHOR | |
| Author | Eckert, Roger. |
| 245 10 - TITLE STATEMENT | |
| Title | Animal physiology : |
| Remainder of title | mechanisms and adaptations / |
| Statement of responsibility, etc | Roger Eckert, with chapters 13 and 14 by David Randall. |
| 250 ## - EDITION STATEMENT | |
| Edition statement | 2nd ed. |
| 260 ## - PUBLICATION, DISTRIBUTION, ETC. (IMPRINT) | |
| Place of publication | San Francisco : |
| Name of publisher | W.H. Freeman, |
| Date of publication | c1983. |
| 300 ## - COLLATION | |
| Pagination | xviii, 830 p. : |
| Other physical details | ill. ; |
| 650 #0 - TRACINGS | |
| Main Subject | Physiology. |
| 700 1# - ADDITIONAL AUTHOR | |
| Additional Author | Randall, David J., |
| 942 ## - ADDED ENTRY ELEMENTS (KOHA) | |
| Item type | Books |
| 050 00 - LIBRARY OF CONGRESS CALL NUMBER | |
| Classification number | QP31.2 |
| Item number | .E24 1983 |
| 082 00 - DEWEY DECIMAL CLASSIFICATION NUMBER | |
| Classification number | 591.1 |
| Source of classification or shelving scheme | Not for loan | Permanent location | Current location | Date acquired | Accession No. | Full call number | Barcode. | Koha item type |
|---|---|---|---|---|---|---|---|---|
| Library of Congress Classification | Samuel Ogbemudia Main Library, University of Abuja | Samuel Ogbemudia Main Library, University of Abuja | 05/29/2025 | 2025/64479 | QP31.2.E24 1983 | 2025-2262 | Books |